No te lo tomes al pie de la letra / (Registro nro. 12090)

Detalles MARC
000 -LEADER
fixed length control field 01008cam a2200349 4500
001 - CONTROL NUMBER
control field 4368
003 - CONTROL NUMBER IDENTIFIER
control field DO-SdBNP
005 - DATE AND TIME OF LATEST TRANSACTION
control field 20180216133428.0
007 - PHYSICAL DESCRIPTION FIXED FIELD--GENERAL INFORMATION
fixed length control field 4368
008 - FIXED-LENGTH DATA ELEMENTS--GENERAL INFORMATION
fixed length control field 081103s2003 sp a | |||| 000 1 spa
015 ## - NATIONAL BIBLIOGRAPHY NUMBER
National bibliography number
017 ## - COPYRIGHT OR LEGAL DEPOSIT NUMBER
Copyright or legal deposit number
Assigning agency
020 ## - INTERNATIONAL STANDARD BOOK NUMBER
International Standard Book Number 8434894785
035 ## - SYSTEM CONTROL NUMBER
System control number
040 ## - CATALOGING SOURCE
Original cataloging agency BPMSU
Language of cataloging spa
Transcribing agency BPMSU
Description conventions
080 ## - UNIVERSAL DECIMAL CLASSIFICATION NUMBER
Universal Decimal Classification number
082 ## - DEWEY DECIMAL CLASSIFICATION NUMBER
Classification number 863.6
Item number M539n
100 1# - MAIN ENTRY--PERSONAL NAME
Personal name Mendo, Miguel Ángel
Dates associated with a name 1949-
245 10 - TITLE STATEMENT
Title No te lo tomes al pie de la letra /
Statement of responsibility, etc. Miguel Ángel Mendo ; ilustraciones, Emilio Urberuaga
Medium
250 ## - EDITION STATEMENT
Edition statement
260 ## - PUBLICATION, DISTRIBUTION, ETC. (IMPRINT)
Place of publication, distribution, etc. Madrid :
Name of publisher, distributor, etc. SM,
Date of publication, distribution, etc. 2003
300 ## - PHYSICAL DESCRIPTION
Extent 123 p.;
Other physical details il. :
Dimensions 19 cm
490 1# - SERIES STATEMENT
Series statement El barco de vapor. ;
-- Serie naranja
Volume/sequential designation 157
500 ## - GENERAL NOTE
General note A apartin de 9 años
650 ## - SUBJECT ADDED ENTRY--TOPICAL TERM
Topical term or geographic name as entry element NOVELA INFANTIL ESPAÑOL
650 ## - SUBJECT ADDED ENTRY--TOPICAL TERM
Topical term or geographic name as entry element LITERATURA INFANTIL ESPAÑOLA
700 1# - ADDED ENTRY--PERSONAL NAME
Personal name Urberuaga, Emilio
Dates associated with a name 1954-
830 #3 - SERIES ADDED ENTRY--UNIFORM TITLE
Uniform title El barco de vapor. ;
Name of part/section of a work Serie naranja
Volume number/sequential designation 157
942 ## - ADDED ENTRY ELEMENTS (KOHA)
Source of classification or shelving scheme Dewey Decimal Classification
Koha item type Libros
945 ## - LOCAL PROCESSING INFORMATION (OCLC)
a Inventariado, 2018 /LP
956 ## - LOCAL ELECTRONIC LOCATION AND ACCESS (OCLC)
Host name VMATEO
Access number 10
Compression information 20161124
Path BPMSU
Electronic name 0069
Existencias
Withdrawn status Lost status Source of classification or shelving scheme Damaged status Not for loan Collection code Home library Current library Date acquired Source of acquisition Total Checkouts Full call number Barcode Date last seen Price effective from Koha item type
    Dewey Decimal Classification     Colección Infantil General Biblioteca Pública Metropolitana Salomé Ureña Biblioteca Pública Metropolitana Salomé Ureña 11/24/2016 Fundación Educativa y Cultural (FUNDI)   863.6 M539n BPMSU16111540 11/24/2016 11/24/2016 Libros